000 00850nam a22002177a 4500
008 090525t xxu||||| |||| 00| 0 eng d
020 _a9780470185469 (pbk.)
020 _a0470185465 (pbk.)
082 _222
_a330.015195
_bADK
100 _aAdkins, Lee C.
_95108
245 _aUsing Stata for Principles of Econometrics /
_cLee C. Adkins, R. Carter Hill
250 _a3rd ed.
260 _aHoboken, N.J. :
_bJohn Wiley,
_cc2008.
300 _axiii, 459 p. :
_bill. ;
_c28 cm.
500 _aPrevious ed.: 2001.
500 _aIncludes index.
650 _aEconometrics.
_95109
700 _aHill, R. Carter.
_95110
942 _2ddc
_cBB
999 _c11613
_d11613